| 000 | 00327cam a22001097a 4500 | ||
|---|---|---|---|
| 008 | 180718b1997 xxu||||| |||| 00| 0 eng d | ||
| 020 | _a81 86684 10 7 | ||
| 245 |
_aGransheel man bal manivigyan ka vevechan _ctranslated by Sarla Mohanlal |
||
| 260 |
_aNew Delhi _bGranth Shilpy _c1997 |
||
| 300 | _a246p. | ||
| 700 | _aMohanlal, Sarla | ||
| 999 |
_c439987 _d439987 |
||